<?xml version="1.0" encoding="UTF-8"?><?xml-stylesheet type="text/xsl" href="static/style.xsl"?><OAI-PMH xmlns="http://www.openarchives.org/OAI/2.0/" xmlns:xsi="http://www.w3.org/2001/XMLSchema-instance" xsi:schemaLocation="http://www.openarchives.org/OAI/2.0/ http://www.openarchives.org/OAI/2.0/OAI-PMH.xsd"><responseDate>2026-04-29T07:22:14Z</responseDate><request verb="GetRecord" identifier="oai:repisalud.isciii.es:20.500.12105/12054" metadataPrefix="marc">https://repisalud.isciii.es/rest/oai/request</request><GetRecord><record><header><identifier>oai:repisalud.isciii.es:20.500.12105/12054</identifier><datestamp>2025-06-02T09:51:13Z</datestamp><setSpec>com_20.500.12105_2405</setSpec><setSpec>com_20.500.12105_2403</setSpec><setSpec>col_20.500.12105_2412</setSpec></header><metadata><record xmlns="http://www.loc.gov/MARC21/slim" xmlns:dcterms="http://purl.org/dc/terms/" xmlns:doc="http://www.lyncode.com/xoai" xmlns:xsi="http://www.w3.org/2001/XMLSchema-instance" xsi:schemaLocation="http://www.loc.gov/MARC21/slim http://www.loc.gov/standards/marcxml/schema/MARC21slim.xsd">
   <leader>00925njm 22002777a 4500</leader>
   <datafield ind2=" " ind1=" " tag="042">
      <subfield code="a">dc</subfield>
   </datafield>
   <datafield ind2=" " ind1=" " tag="720">
      <subfield code="a">Polo de Santos, Maria del Mar</subfield>
      <subfield code="e">author</subfield>
   </datafield>
   <datafield ind2=" " ind1=" " tag="720">
      <subfield code="a">Luengo-Matos, Setefilla</subfield>
      <subfield code="e">author</subfield>
   </datafield>
   <datafield ind2=" " ind1=" " tag="720">
      <subfield code="a">Hijas-Gomez, Ana Isabel</subfield>
      <subfield code="e">author</subfield>
   </datafield>
   <datafield ind2=" " ind1=" " tag="720">
      <subfield code="a">Garcia-Carpintero, Esther Elena</subfield>
      <subfield code="e">author</subfield>
   </datafield>
   <datafield ind2=" " ind1=" " tag="720">
      <subfield code="a">Sanchez-Gomez, Luis Maria</subfield>
      <subfield code="e">author</subfield>
   </datafield>
   <datafield ind2=" " ind1=" " tag="260">
      <subfield code="c">2020</subfield>
   </datafield>
   <datafield ind2=" " ind1=" " tag="520">
      <subfield code="a">Las enfermedades de la columna vertebral constituyen actualmente un im- portante problema de salud pública. El origen de los problemas de la colum- na puede ser diverso, aunque los más frecuentes son de causa degenerativa, en estrecha relación con el envejecimiento de la población.
Independientemente de la enfermedad de base, el síntoma fundamen- tal de la patología de columna vertebral es el dolor, que puede afectar a cualquier zona de la columna, especialmente a la zona lumbar. Se estima que alrededor del 80% de la población sufrirá dolor de espalda en algún momento de su vida.
La patología de columna, en especial los procesos más graves, se asocia a un aumento de la cronicidad, deterioro de la calidad de vida y disminución de la autonomía del paciente. Implica un alto coste para el sistema sanitario con una tendencia ascendente en los últimos años.
Las enfermedades de columna, en especial las de causa degenerativa, son difíciles de tratar. En principio se suele optar por un abordaje conser- vador encaminado al tratamiento de los síntomas. Cuando este tratamiento no es eficaz los pacientes pueden ser candidatos al tratamiento quirúrgico. El procedimiento más común es la artrodesis o fusión vertebral. Consiste en crear un puente óseo entre 2 o más vértebras adyacentes mediante la im- plantación de injertos de tejido óseo o de sustitutos óseos entre las vértebras a fusionar. Los instrumentos más utilizados para la fijación son los tornillos pediculares que al estabilizar los segmentos vertebrales facilitan la forma- ción de tejido óseo entre dichos sementos vertebrales formando una masa sólida. En la actualidad la artrodesis con tornillos pediculares es el patrón oro con el que se compara el resto de artrodesis y presenta mejores tasas de fusión que las artrodesis no instrumentadas.</subfield>
   </datafield>
   <datafield ind1="8" ind2=" " tag="024">
      <subfield code="a">Análisis de la eficacia y seguridad de la cirugía robótica de la columna vertebral. Madrid: Instituto de Salud Carlos III; 2020.</subfield>
   </datafield>
   <datafield ind1="8" ind2=" " tag="024">
      <subfield code="a">http://hdl.handle.net/20.500.12105/12054</subfield>
   </datafield>
   <datafield ind1="8" ind2=" " tag="024">
      <subfield code="a">10.4321/repisalud.12054</subfield>
   </datafield>
   <datafield ind1="8" ind2=" " tag="024">
      <subfield code="a">834200172</subfield>
   </datafield>
   <datafield tag="653" ind2=" " ind1=" ">
      <subfield code="a">Cirugía robótica</subfield>
   </datafield>
   <datafield tag="653" ind2=" " ind1=" ">
      <subfield code="a">Columna Vertebral</subfield>
   </datafield>
   <datafield ind2="0" ind1="0" tag="245">
      <subfield code="a">Análisis de la eficacia y seguridad de la cirugía robótica de la columna vertebral</subfield>
   </datafield>
</record></metadata></record></GetRecord></OAI-PMH>